| 000 | 00482 a2200169 4500 | ||
|---|---|---|---|
| 003 | OSt | ||
| 005 | 20231109112939.0 | ||
| 008 | 231109b |||||||| |||| 00| 0 eng d | ||
| 020 | _a9789392455162 | ||
| 040 | _coclc | ||
| 082 |
_a954.83 _bMAN/A |
||
| 100 |
_aMangad, Abdurahiman _98678 |
||
| 245 |
_aAikyasangham rekhagal / _cAbdurahman Mangad |
||
| 260 |
_aKerala: _bGrace Books, _c2022. |
||
| 300 | _a295p | ||
| 942 |
_2ddc _cBK _h954.83 _iMAN/A _k954.83 _mMAN/A |
||
| 999 |
_c42984 _d42984 |
||